000 00483nam a2200181Ia 4500
008 090124s9999 xx 000 0 und d
082 _b123542
100 _aशेट्ये चंद्रहास
245 _a अजेय
250 _a2
260 _c1989
300 _a528
600 _aशेट्ये चंद्रहास
630 _a अजेय
700 _aशेट्ये चंद्रहास
730 _a अजेय
942 _cBOOK
999 _c169628
_d169628